• 首页
  • 本馆介绍
  • 公告通知
  • 最新文献
  • 馆藏检索
  • 电子资源
  • 读者导购
  • 参考咨询
  • 我的图书馆
  • 登录
  • 详细信息显示
  • 放入我的书架
  • 预约/预借图书
  • 作者相关作品
  • 分类相关作品
  • 丛书相关作品
  • 出版社相关作品

书目信息

  • 表格格式
  • 工作单格式
  • 卡片格式
题名:
中国古代服饰
    
 
作者: 戴饮祥 编
分册:  
出版信息: 北京   中共中央党校出版社  1991
页数: 124页
开本: 18cm
丛书名: 中国文化史知识丛书
单 册:
中图分类: K892.23
科图分类:
主题词: 服饰--中国--古代
电子资源:
ISBN: 978-7-5035-0503-4
000 00817nam2 2200265 450
001 0100381926
005 20101109144949.0
010    @a978-7-5035-0503-4@dCNY2.20
100    @a20021005d1991 em y0chiy0110 ea
101 0  @achi
102    @aCN@b110000
105    @af z 000yy
106    @ar
200 1  @a中国古代服饰@9Zhong Guo Gu Dai Fu Shi @f戴饮祥等编@b专著
210    @a北京@c中共中央党校出版社@d1991
215    @a124页@c彩图@d18cm
225 2  @a中国文化史知识丛书@f任继愈主编
300    @a版权页编者题名:戴钦祥
330    @a本书论述了服饰的起源与演变,并分别介绍了从商周至清代的服饰概况。
410  0 @12001 @a中国文化史知识丛书
606 0  @a服饰@y中国@z古代
690    @aK892.23@v3
701  0 @a戴饮祥@9dai yin xiang@4编
801  0 @aCN@bAZmarc@c20230830
905    @aBZT@dK892.23@e12@f2@sK892.23/12
    
    中国古代服饰/戴饮祥等编.-北京:中共中央党校出版社,1991
    124页:彩图;18cm.-(中国文化史知识丛书/任继愈主编)
    版权页编者题名:戴钦祥
    
    ISBN 978-7-5035-0503-4:CNY2.20
    本书论述了服饰的起源与演变,并分别介绍了从商周至清代的服饰概况。
●
相关链接 在五车中查询图书 在当当中查询图书 在豆瓣中查询图书


正题名:中国古代服饰     索取号:K892.23/12         预约/预借

序号 登录号 条形码 馆藏地/架位号 状态 备注
1 2000111544   2000111544   旧书回溯/ [索取号:K892.23/12] 在馆    
2 2000111548   2000111548   旧书回溯/ [索取号:K892.23/12] 在馆    
山东省滨州职业学院图书馆 欢迎您!
大连网信软件有限公司© 版权所有